Eminem Lyrics Quiz - Statistics

General Stats
  • This quiz has been taken 2,795 times
  • The average score is 9 of 15
Answer Stats
Hint Answer % Correct
name his film 8 mile
89%
name the song from his film lose yourself
86%
'I said im sorry moma, i never meant to hurt youu' Cleanin' out my closet
82%
his other name (2) Slim Shady
82%
' can't tell you what it really is, i can only tell you what it feels like' love the way you lie
77%
in what year did eminem collab on a track with dr dre called 'forgot about dre'? 2001
70%
his other name (1) Marshall Mathers
68%
his rapper name in his film B rabbit
60%
'his step father hit him so he socked him back, which broke his nose, his house is a broken home, there's no control he just lets his emotions go' Sing for the moment
58%
the album that '3am' and 'my mom' appear on relapse
53%
'just promise me you'll think of me, everytime you look up in the sky and see a star' Spacebound
38%
'all i know is you came to me when i was at my lowest...' I need a doctor
32%
the film that songs 'Kings Never Die' and 'Phenomenal' are from Southpaw
28%
which artist collabs with eminem on the song 'twisted' Skylar Grey
17%
'cause they say that ------ ----- ---, just ask jam master jay they just grow wings and they fly' Kings Never Die
11%
No matching quizzes found
Score Distribution
Percent of People with Each Score
Percentile by Number Answered
Your Score History
You have not taken this quiz